my version (Record no. 551717)
[ view plain ]
| 000 -LEADER | |
|---|---|
| fixed length control field | 00271nam a22001097a 4500 |
| 082 ## - DEWEY DECIMAL CLASSIFICATION NUMBER | |
| Classification number | 355.02 |
| Author Mark | MOH |
| -- | D |
| 100 ## - MAIN ENTRY--PERSONAL NAME | |
| Personal name | Musa, General Muhammad |
| 9 (RLIN) | 48845 |
| 245 ## - TITLE STATEMENT | |
| Title | my version |
| Statement of responsibility, etc. | Musa muhammad |
| 300 ## - PHYSICAL DESCRIPTION | |
| Extent | 180p. |
| 526 ## - STUDY PROGRAM INFORMATION NOTE | |
| Program name | 0 |
| Interest level | 0 |
| Reading level | 0 |
| Title point value | 355_020000000000000_MOH |
| 942 ## - ADDED ENTRY ELEMENTS (KOHA) | |
| Source of classification or shelving scheme | |
| Koha item type | Book |
| Withdrawn status | Lost status | Source of classification or shelving scheme | Damaged status | Not for loan | Permanent Location | Current Location | Date acquired | Total Checkouts | Full call number | Barcode | Date last seen | Price effective from | Koha item type |
|---|---|---|---|---|---|---|---|---|---|---|---|---|---|
| Military College of Engineering (MCE) | Military College of Engineering (MCE) | 12/24/2014 | 355.02 MOH | MCE-34637 | 12/24/2014 | 12/24/2014 | Book |
